ბათუმის შოთა რუსთაველის სახელმწიფო უნივერსიტეტის ბიბლიოთეკა

ისტორიულ-ეთნოლოგიური ძიებანი XVII= Studies in history and ethnology (ბიბ.ჩანაწერი № 51167)

000 -LEADER
fixed length control field 01251nam a2200265Ia 4500
001 - CONTROL NUMBER
control field 18126
003 - CONTROL NUMBER IDENTIFIER
control field GE_BSU
005 - DATE AND TIME OF LATEST TRANSACTION
control field 20190420231916.0
008 - FIXED-LENGTH DATA ELEMENTS--GENERAL INFORMATION
fixed length control field 181216s||||||||xx |||||||||||||| ||und||
020 ## - INTERNATIONAL STANDARD BOOK NUMBER
International Standard Book Number ISSN 1512-2727
040 ## - CATALOGING SOURCE
Transcribing agency GE_BSU
080 ## - UNIVERSAL DECIMAL CLASSIFICATION NUMBER
Universal Decimal Classification number 94(479.22)(082)
245 ## - TITLE STATEMENT
Title ისტორიულ-ეთნოლოგიური ძიებანი XVII= Studies in history and ethnology
245 ## - TITLE STATEMENT
Statement of responsibility, etc. რედ. ხ. იოსელიანი;სარედ:კოლეგია.ავთანდილ სონღულაშვილი,ლავრენტი ჯანიაშვილი და სხვ.
250 ## - EDITION STATEMENT
Edition statement ივანე ჯავახიშვილის ისტორიისა და ეთნოლოგიის ინ-ტი
260 ## - PUBLICATION, DISTRIBUTION, ETC.
Place of publication, distribution, etc. თბილისი
260 ## - PUBLICATION, DISTRIBUTION, ETC.
Name of publisher, distributor, etc. მწიგნობარის სტ.
260 ## - PUBLICATION, DISTRIBUTION, ETC.
Date of publication, distribution, etc. 2015
300 ## - PHYSICAL DESCRIPTION
Extent 248გვვ.21სმ.ილ.
520 ## - SUMMARY, ETC.
Summary, etc. პარალ სათ. ინგლ.ენ., ტექსტ.ინგლ.ენ
653 ## - INDEX TERM--UNCONTROLLED
Uncontrolled term ეთნოლოგია
653 ## - INDEX TERM--UNCONTROLLED
Uncontrolled term ისტორია
653 ## - INDEX TERM--UNCONTROLLED
Uncontrolled term ისტორიულ-ეთნოლოგიური ძიებანი XVII
942 ## - ADDED ENTRY ELEMENTS (KOHA)
Koha item type წიგნი
Source of classification or shelving scheme
ეგზემპლარები
Withdrawn status Lost status Source of classification or shelving scheme Damaged status Not for loan Permanent Location Current Location Date acquired Full call number Barcode Date last seen Price effective from Koha item type
          ბათუმის შოთა რუსთაველის სახელმწიფო უნივერსიტეტის მთავარი ბიბლიოთეკა ბათუმის შოთა რუსთაველის სახელმწიფო უნივერსიტეტის მთავარი ბიბლიოთეკა 2018-12-17 94(479.22)(082) ი-88 46232 2018-12-17 2018-12-17 წიგნი